000 00890nam a2200277 i 4500
001 109067
003 ES-MaACL
005 20240607062955.0
007 t|
008 061121s1978 sp r ||||1| spa d
020 _a84-320-0299-2
080 _a07(460)"19"
100 1 _aOliver, Joan,
_d1899-1986
_986815
245 1 3 _aLa prensa clandestina (1939-1956) :
_bpropaganda y documentos antifranquistas /
_cJoan Oliver ; Joan Pagès ; Pelai Pagès.
250 _a1ª ed.
260 _aBarcelona :
_bPlaneta,
_c1978.
300 _a426 p. :
_bil ;
_c19 cm.
490 1 _aTextos ;
_v42
650 4 _aPrensa clandestina-
_zEspaña.
_9174525
650 4 _aPrensa y política-
_zEspaña-
_y1939-1975.
_9162320
700 1 _aPages, Joan.
_988279
700 1 _aPagès, Pelai.
_988282
830 1 _aTextos ;
_v42
_9179017
852 4 _aES-MaACL
_jA-9659
999 _c109067
_d109067